Дело о доставлении сведений в Придворную контору о сыновьях: надзирателя Нотной конторы Копылова, Павле, суфлера Сибирякова, Але...

Доступно только в Электронных читальных залах Найти на картеНа карте
RUSMARC
00004512nmc2a22000003x 450
001ba4bb685-bcbb-4cd4-a79e-5090cfa7e5e7
00520181224170856.0
100##$a20170623l18451845k l0rusy0189 ca
1010#$arus
102##$aRU
2001#$aДело о доставлении сведений в Придворную контору о сыновьях: надзирателя Нотной конторы Копылова, Павле, суфлера Сибирякова, Александре и капельдинера Вальцера, Николае
$j3-10 марта 1845 г.
251##$cДело
300##$aПо Санкт-Петербургской дирекции за 1845 год
300##$aОриг. заголовок дела: Дело по отношению Придворной конторы об уведомлении её, нет ли препятствия к определению к Высочайшему двору служивших в Дирекции сыновей: умершего надзирателя Нотной конторы Капылова, сына Павла, суфлёра Сибирякова, сына Александра и капельдинера Бальцера, сына Николая. 3 марта 1845 г. - 10 марта 1845 г
801#0$aRU
$bРГИА
$c20170623
$gRCR
801#1$aRU
$bГлавНИВЦ
$c20170623
$2rusmarc
801#2$aRU
$bПБ им. Б.Н. Ельцина
$c20181224
$gRCR
$2rusmarc
850##$aРГИА
852##$aРГИА
$eФедеральное казенное учреждение "Российский государственный исторический архив" (РГИА)
$j10363
937##$hРГИА
$d12246128
$aASBIBLIO_SCAN
462#0$1001dd3991dc-24e1-42ec-8838-ca4255420416
$12001
$a1746-1850 гг.
$1251
$cОпись
$1852
$j1
461#0$10019264ebf8-de62-4f1a-9eb4-9f22098dbbd5
$12001
$aДирекция императорских театров МИДв
$1251
$cФонд
$1852
$j497
215##$a7 л.
$d36,5х26 см
371##$aДокумент не является опубликованным и широко распространяемым
105##$ay###
1222#$ad
5171#$aДело по отношению Придворной конторы об уведомлении её, нет ли препятствия к определению к Высочайшему двору служивших в Дирекции сыновей: умершего надзирателя Нотной конторы Капылова, сына Павла, суфлёра Сибирякова, сына Александра и капельдинера Бальцера, сына Николая. 3 марта 1845 г. - 10 марта 1845 г
035##$aba4bb685-bcbb-4cd4-a79e-5090cfa7e5e7
856##$uhttp://readingroom.main.prlib.ru/item.aspx?id_node=n122253510&mode=full
Формат отображения